000 00319nam a22001457a 4500
008 230508b ||||| |||| 00| 0 eng d
020 _a9791576077701
041 _aeng
080 _2VOLUME 1,2,3
_a030
082 _a030GIN
100 _a40
101 _aENCI
245 _aSOUTHEAST ASIA
_cGIN.K.O
942 _2udc
_cBK
999 _c59680
_d59680